| 000 | 00802nam a22002657i 4500 | ||
|---|---|---|---|
| 001 | IT\ICCU\LO1\1050486 | ||
| 003 | ItRI | ||
| 005 | 20260306164147.0 | ||
| 008 | 060405s2005 it |||||| ||||| |||||c | ||
| 020 | _a8845246345 | ||
| 020 | _a9788845246340 (rist. 2007; 58 rist. 2010) | ||
| 040 |
_bita _cNP |
||
| 041 | 7 |
_aita _2ISO-639-2 |
|
| 082 |
_a853.914 _221 |
||
| 100 | 1 |
_aEco, Umberto _0IT\ICCU\CFIV\006213 _4aut |
|
| 240 | 1 | 3 |
_aIl nome della rosa _9Eco, Umberto |
| 245 | 1 | 3 |
_aIl nome della rosa / _cUmberto Eco ; in appendice postille a "Il nome della rosa". |
| 250 | _a5. ed | ||
| 260 |
_aMilano : _bBompiani, _c2005 |
||
| 300 |
_a532 p. : _bill. ; _c20 cm. |
||
| 830 | 0 |
_aTascabili Bompiani ; _v33 _0IT\ICCU\CFI\0000031 |
|
| 942 |
_2ddc _cBK |
||
| 981 | 1 |
_6z01 _ai _bxxxe |
|
| 982 | 1 |
_6z01 _an |
|
| 999 |
_c28860 _d28860 |
||